000 00363 a2200157 4500
001 170673
020 _a
040 _cMagnum
100 _aBoulos Junior, Alfredo
240 1 0 _a15 De novembro: que republica e essa ?
_lpor
245 1 0 _a15 De novembro: que republica e essa ?
362 0 _a1899
440 1 _aFTD
697 _aIJ/PARADIDATICO
942 _cBK
999 _c170673
_d170673